| 000 | 00474nam a2200169Ia 4500 | ||
|---|---|---|---|
| 003 | LK-CoDNM | ||
| 008 | 140723t2019 xxu||||| |||| 00| 1 sin d | ||
| 020 |
_a _a97879553117274 |
||
| 040 |
_aLK-CoDNM _dLK-CoDNM _eLK-CoDNM |
||
| 041 | _asin | ||
| 080 |
_a159.9 _bJAY |
||
| 100 |
_aජයසූරිය, ප්රියනාත් _vJayasooriya,Priyanath |
||
| 245 | _aසතුට 2 | ||
| 246 | _aSathuta 2 | ||
| 260 |
_bSarasawi Publisher _aNugegoda _c2019 |
||
| 942 | _cBK | ||
| 999 |
_c80233 _d80233 |
||